Didáctica de las Ciencias Sociales para primaria

Saved in:
Bibliografiske detaljer
Hovedforfatter: Domínguez Garrido, María Concepción (Author)
Format: Bog
Sprog:spansk
Udgivet: Madrid Pearson Educación 2004
Serier:Colección Didáctica Primaria
Fag:
Tags: Tilføj Tag
Ingen Tags, Vær først til at tagge denne postø!

MARC

LEADER 00000cam a2200000 a 4500
001 UCK3382
003 CL-VaPUC
008 050422e20040000SP |||||||||||||||||spa|d
020 |a 8420534536 
082 0 4 |a 372.83  |b DOM  |2 21 
100 0 |a Domínguez Garrido, María Concepción  |e author  |9 491442 
245 1 0 |a Didáctica de las Ciencias Sociales para primaria 
300 |a 477 p 
942 |c BK 
945 |d 20050422 00:00:00  |a jcarroza 
260 |a Madrid  |b Pearson Educación  |c 2004 
650 0 |a Enseñanza de las ciencias sociales  |9 337823 
650 0 |a Educación básica   |9 224933 
650 0 |a Métodos de enseñanza  |9 270413 
583 |a last modification  |c 20170726 05:14:54  |k Rodrigo Vera 
490 0 |a Colección Didáctica Primaria 
999 |c 312582  |d 312580 
952 |0 0  |1 0  |4 0  |6 372_830000000000000_DOM_2004  |7 0  |8 A  |9 383095  |a BIBEDU  |b BIBEDU  |d 2019-11-21  |i 411373K  |o 372.83 DOM 2004  |p 411373K  |r 2019-11-21  |w 2019-11-21  |y BK  |k EBA 
952 |0 0  |1 0  |4 0  |6 372_830000000000000_DOM_2004  |7 0  |8 A  |9 383096  |a BIBEDU  |b BIBEDU  |d 2019-11-21  |i 4182944  |o 372.83 DOM 2004  |p 4182944  |r 2019-11-21  |w 2019-11-21  |y BK  |k EBA 
952 |0 0  |1 0  |4 0  |6 372_830000000000000_DOM_2004  |7 0  |8 A  |9 383097  |a BIBHIS  |b BIBHIS  |d 2019-11-21  |i 421692K  |l 1  |o 372.83 DOM 2004  |p 421692K  |r 2025-01-20  |s 2024-12-09  |w 2019-11-21  |y BK  |k HIS 
952 |0 0  |1 0  |4 0  |6 372_830000000000000_DOM_2004  |7 0  |8 A  |9 383098  |a BIBEDU  |b BIBEDU  |d 2019-11-21  |i 4454154  |o 372.83 DOM 2004  |p 4454154  |r 2019-11-21  |w 2019-11-21  |y BK  |k EBA 
952 |0 0  |1 0  |3 erb  |4 0  |6 372_830000000000000_DOM_2004  |7 0  |8 A  |9 383099  |a BIBEDU  |b BIBEDU  |i 5078679  |o 372.83 DOM 2004  |p 5078679  |r 2019-11-21  |w 2019-11-21  |y BK  |z Catalogado en:20140605  |k EPE 
952 |0 0  |1 0  |3 erb  |4 0  |6 372_830000000000000_DOM_2004  |7 0  |8 A  |9 383100  |a BIBEDU  |b BIBEDU  |i 5078687  |o 372.83 DOM 2004  |p 5078687  |r 2019-11-21  |w 2019-11-21  |y BK  |z Catalogado en:20140605  |k EPE 
952 |0 0  |1 0  |3 erb  |4 0  |6 372_830000000000000_DOM_2004  |7 0  |8 A  |9 383101  |a BIBEDU  |b BIBEDU  |i 5078660  |o 372.83 DOM 2004  |p 5078660  |r 2019-11-21  |w 2019-11-21  |y BK  |z Catalogado en:20140605  |k EPE 
952 |0 0  |1 0  |3 erb  |4 0  |6 372_830000000000000_DOM_2004  |7 0  |8 A  |9 383102  |a BIBEDU  |b BIBEDU  |i 5078695  |l 1  |o 372.83 DOM 2004  |p 5078695  |r 2021-10-25  |s 2021-07-29  |w 2019-11-21  |y BK  |z Catalogado en:20140605  |k EPE 
952 |0 0  |1 0  |3 erb  |4 0  |6 372_830000000000000_DOM_2004  |7 0  |8 A  |9 383103  |a BIBEDU  |b BIBEDU  |i 5078709  |o 372.83 DOM 2004  |p 5078709  |r 2019-11-21  |w 2019-11-21  |y BK  |z Catalogado en:20140605  |k EPE